000 00225nam a22000857a 4500
008 160804b xxu||||| |||| 00| 0 eng d
100 _929
_aCanfield J
245 _aChicken Soup for the teen soul
260 _aChennai
_bWestland
_c2008
999 _c2680
_d2680